[Event "DVM U12 2024"]
[Site "Heidelberg GER"]
[Date "2024.12.27"]
[Round "1"]
[White "Kühn, David"]
[Black "Rudnizki, Valentin"]
[Result "0-1"]
[Termination "normal"]
[Board "9.3"]
[WhiteElo "1003"]
[BlackElo "1448"]
[WhiteClock "01:18:26"]
[BlackClock "01:24:53"]
[WhiteTeam "SC Leipzig-Lindenau"]
[BlackTeam "Düsseldorfer SK 14/25"]
[PlyCount "92"]
[BlackFideId "34673369"]
[EventCountry "GER"]
[EventRounds "7"]
[EventType "team-swiss"]
[EventDate "2024.12.26"]

1. e4 {[%clk 01:30:58]} {[%emt 00:00:01]} c5 {[%clk 01:30:49]} {[%emt
00:00:11]} 2. Nc3 {[%clk 01:31:20]} {[%emt 00:00:09]} Nc6 {[%clk 01:31:05]}
{[%emt 00:00:14]} 3. Bb5 {[%clk 01:31:23]} {[%emt 00:00:27]} e6 {[%clk
01:31:18]} {[%emt 00:00:16]} 4. d3 {[%clk 01:31:31]} {[%emt 00:00:23]} a6
{[%clk 01:31:26]} {[%emt 00:00:23]} 5. Ba4 {[%clk 01:31:55]} {[%emt 00:00:06]}
b5 {[%clk 01:31:41]} {[%emt 00:00:15]} 6. Bb3 {[%clk 01:32:15]} {[%emt
00:00:09]} Bb7 {[%clk 01:31:54]} {[%emt 00:00:17]} 7. a3 {[%clk 01:32:09]}
{[%emt 00:00:37]} Nge7 {[%clk 01:31:59]} {[%emt 00:00:26]} 8. f3 {[%clk
01:31:57]} {[%emt 00:00:42]} d5 {[%clk 01:32:13]} {[%emt 00:00:15]} 9. exd5
{[%clk 01:32:12]} {[%emt 00:00:15]} exd5 {[%clk 01:32:27]} {[%emt 00:00:17]}
10. Qe2 {[%clk 01:30:07]} {[%emt 00:02:34]} Nd4 {[%clk 01:31:51]} {[%emt
00:01:06]} 11. Qf2 {[%clk 01:29:42]} {[%emt 00:00:55]} Nef5 {[%clk 01:31:06]}
{[%emt 00:01:14]} 12. Nge2 {[%clk 01:29:09]} {[%emt 00:01:03]} Be7 {[%clk
01:30:51]} {[%emt 00:00:44]} 13. g3 {[%clk 01:29:17]} {[%emt 00:00:22]} O-O
{[%clk 01:30:25]} {[%emt 00:00:57]} 14. Nxd4 {[%clk 01:29:01]} {[%emt
00:00:46]} Nxd4 {[%clk 01:30:32]} {[%emt 00:00:23]} 15. Ba2 {[%clk 01:28:59]}
{[%emt 00:00:32]} Re8 {[%clk 01:30:26]} {[%emt 00:00:36]} 16. O-O {[%emt
00:00:19]} Bf6 {[%clk 01:29:51]} {[%emt 00:01:02]} 17. Be3 {[%clk 01:24:37]}
{[%emt 00:05:06]} Rxe3 {[%clk 01:29:31]} {[%emt 00:00:50]} 18. Qxe3 {[%clk
01:23:56]} {[%emt 00:01:11]} Nxc2 {[%clk 01:29:41]} {[%emt 00:00:21]} 19. Qc1
{[%clk 01:24:05]} {[%emt 00:00:11]} Nxa1 {[%clk 01:29:29]} {[%emt 00:00:52]}
20. Qxa1 {[%clk 01:24:22]} {[%emt 00:00:13]} c4 {[%clk 01:28:53]} {[%emt
00:01:06]} 21. dxc4 {[%clk 01:24:21]} {[%emt 00:00:31]} dxc4 {[%clk 01:29:09]}
{[%emt 00:00:15]} 22. Qe1 {[%clk 01:23:11]} {[%emt 00:01:40]} Qd4+ {[%clk
01:28:45]} {[%emt 00:00:54]} 23. Kg2 {[%clk 01:22:16]} {[%emt 00:01:25]} Rd8
{[%clk 01:28:23]} {[%emt 00:00:51]} 24. Qe2 {[%clk 01:20:15]} {[%emt 00:02:31]}
Qd2 {[%clk 01:28:10]} {[%emt 00:00:43]} 25. Qxd2 {[%clk 01:20:24]} {[%emt
00:00:22]} Rxd2+ {[%clk 01:28:25]} {[%emt 00:00:15]} 26. Rf2 {[%clk 01:20:25]}
{[%emt 00:00:29]} Bxc3 {[%clk 01:28:21]} {[%emt 00:00:34]} 27. bxc3 {[%clk
01:20:28]} {[%emt 00:00:27]} Rd3 {[%clk 01:28:36]} {[%emt 00:00:16]} 28. Bb1
{[%clk 01:20:07]} {[%emt 00:00:51]} Rxc3 {[%clk 01:28:48]} {[%emt 00:00:18]}
29. Kh3 {[%clk 01:19:34]} {[%emt 00:01:03]} Rxa3 {[%clk 01:28:41]} {[%emt
00:00:38]} 30. Rd2 {[%clk 01:19:32]} {[%emt 00:00:32]} g6 {[%clk 01:28:48]}
{[%emt 00:00:23]} 31. Kg4 {[%clk 01:19:47]} {[%emt 00:00:15]} Rxf3 {[%clk
01:28:04]} {[%emt 00:01:13]} 32. Kg5 {[%clk 01:20:00]} {[%emt 00:00:17]} f6+
{[%clk 01:27:18]} {[%emt 00:01:16]} 33. Kh6 {[%clk 01:19:48]} {[%emt 00:00:33]}
Bc6 {[%clk 01:25:34]} {[%emt 00:02:23]} 34. Rd4 {[%clk 01:17:43]} {[%emt
00:02:34]} Re3 {[%clk 01:24:58]} {[%emt 00:00:59]} 35. Rd6 {[%clk 01:17:56]}
{[%emt 00:00:24]} Bb7 {[%clk 01:24:14]} {[%emt 00:01:14]} 36. Rd8+ {[%clk
01:18:04]} {[%emt 00:00:22]} Kf7 {[%clk 01:24:32]} {[%emt 00:00:12]} 37. Rd7+
{[%clk 01:18:23]} {[%emt 00:00:11]} Re7 {[%clk 01:24:49]} {[%emt 00:00:14]} 38.
Rd6 {[%clk 01:18:01]} {[%emt 00:00:52]} f5 {[%clk 01:23:32]} {[%emt 00:01:47]}
39. Kxh7 {[%clk 01:18:08]} {[%emt 00:00:23]} Be4 {[%clk 01:23:34]} {[%emt
00:00:28]} 40. Bxe4 {[%clk 01:18:15]} {[%emt 00:00:22]} fxe4 {[%clk 01:23:48]}
{[%emt 00:00:16]} 41. Rxa6 {[%clk 01:18:33]} {[%emt 00:00:13]} e3 {[%clk
01:24:03]} {[%emt 00:00:15]} 42. Ra1 {[%clk 01:17:23]} {[%emt 00:01:40]} e2
{[%clk 01:24:21]} {[%emt 00:00:12]} 43. Re1 {[%clk 01:17:47]} {[%emt 00:00:06]}
c3 {[%clk 01:24:44]} {[%emt 00:00:08]} 44. h4 {[%clk 01:18:04]} {[%emt
00:00:12]} c2 {[%clk 01:24:49]} {[%emt 00:00:26]} 45. Rc1 {[%clk 01:18:10]}
{[%emt 00:00:25]} e1=Q {[%clk 01:24:45]} {[%emt 00:00:32]} 46. Rxc2 {[%clk
01:18:26]} {[%emt 00:00:16]} Kf6+ {[%clk 01:24:53]} {[%emt 00:00:22]} 0-1

[Event "DVM U12 2024"]
[Site "Heidelberg GER"]
[Date "2024.12.27"]
[Round "1"]
[White "Riebienkov, Mark"]
[Black "Hübler, Leonas"]
[Result "1-0"]
[Termination "normal"]
[Board "9.4"]
[WhiteElo "1269"]
[BlackElo "920"]
[WhiteClock "00:48:05"]
[BlackClock "01:11:56"]
[WhiteTeam "Düsseldorfer SK 14/25"]
[BlackTeam "SC Leipzig-Lindenau"]
[PlyCount "62"]
[WhiteFideId "34648500"]
[EventCountry "GER"]
[EventRounds "7"]
[EventType "team-swiss"]
[EventDate "2024.12.26"]

1. e4 {[%clk 01:30:57]} {[%emt 00:00:03]} e5 {[%clk 01:30:49]} {[%emt
00:00:10]} 2. f4 {[%clk 01:30:55]} {[%emt 00:00:32]} d6 {[%clk 01:30:43]}
{[%emt 00:00:37]} 3. Nc3 {[%clk 01:31:06]} {[%emt 00:00:19]} Nf6 {[%clk
01:30:44]} {[%emt 00:00:29]} 4. Bc4 {[%clk 01:30:27]} {[%emt 00:01:10]} g6
{[%clk 01:30:00]} {[%emt 00:01:13]} 5. Nf3 {[%clk 01:29:19]} {[%emt 00:01:38]}
Nc6 {[%clk 01:29:20]} {[%emt 00:01:10]} 6. fxe5 {[%clk 01:27:39]} {[%emt
00:02:04]} dxe5 {[%clk 01:29:20]} {[%emt 00:00:35]} 7. Bb5 {[%clk 01:26:25]}
{[%emt 00:01:43]} a6 {[%clk 01:29:14]} {[%emt 00:00:37]} 8. Bxc6+ {[%clk
01:25:59]} {[%emt 00:00:56]} bxc6 {[%clk 01:29:13]} {[%emt 00:00:30]} 9. Nxe5
{[%clk 01:21:51]} {[%emt 00:04:38]} Nxe4 {[%clk 01:28:31]} {[%emt 00:01:13]}
10. Nxe4 {[%clk 01:17:16]} {[%emt 00:05:04]} Qe7 {[%clk 01:28:30]} {[%emt
00:00:27]} 11. Qe2 {[%clk 01:16:45]} {[%emt 00:01:03]} Bg7 {[%clk 01:23:59]}
{[%emt 00:05:01]} 12. Nxc6 {[%clk 01:14:59]} {[%emt 00:02:16]} Qe6 {[%clk
01:21:14]} {[%emt 00:01:32]} 13. Ng5 {[%clk 01:07:43]} {[%emt 00:09:30]} Qxe2+
{[%clk 01:21:02]} {[%emt 00:00:42]} 14. Kxe2 {[%clk 01:07:39]} {[%emt
00:00:33]} Bf6 {[%clk 01:19:41]} {[%emt 00:01:48]} 15. Nf3 {[%clk 01:04:07]}
{[%emt 00:04:05]} Bd7 {[%clk 01:18:59]} {[%emt 00:01:12]} 16. Nce5 {[%clk
01:01:10]} {[%emt 00:03:27]} Bxe5 {[%clk 01:18:12]} {[%emt 00:01:18]} 17. Nxe5
{[%clk 01:00:58]} {[%emt 00:00:41]} Bb5+ {[%clk 01:18:04]} {[%emt 00:00:34]}
18. c4 {[%clk 01:01:10]} {[%emt 00:00:21]} f6 {[%clk 01:17:46]} {[%emt
00:00:50]} 19. cxb5 {[%clk 00:59:03]} {[%emt 00:02:34]} fxe5 {[%clk 01:16:52]}
{[%emt 00:01:27]} 20. bxa6 {[%clk 00:59:13]} {[%emt 00:00:19]} Rxa6 {[%clk
01:17:13]} {[%emt 00:00:09]} 21. Rf1 {[%clk 00:57:29]} {[%emt 00:02:12]} Rf8
{[%clk 01:16:21]} {[%emt 00:01:23]} 22. Rxf8+ {[%clk 00:57:44]} {[%emt
00:00:15]} Kxf8 {[%clk 01:16:41]} {[%emt 00:00:11]} 23. d3 {[%clk 00:57:39]}
{[%emt 00:00:35]} Ra4 {[%clk 01:16:29]} {[%emt 00:00:39]} 24. Bh6+ {[%clk
00:56:42]} {[%emt 00:01:30]} Kf7 {[%clk 01:16:33]} {[%emt 00:00:23]} 25. Ke3
{[%clk 00:54:53]} {[%emt 00:02:20]} c6 {[%clk 01:16:27]} {[%emt 00:00:38]} 26.
h3 {[%clk 00:53:27]} {[%emt 00:01:56]} Ke6 {[%clk 01:16:26]} {[%emt 00:00:32]}
27. g3 {[%clk 00:49:42]} {[%emt 00:04:15]} Kd5 {[%clk 01:15:15]} {[%emt
00:01:37]} 28. b3 {[%clk 00:48:53]} {[%emt 00:01:15]} Rb4 {[%clk 01:13:54]}
{[%emt 00:00:42]} 29. Rc1 {[%clk 00:49:23]} e4 {[%clk 01:13:02]} {[%emt
00:02:38]} 30. Rc4 {[%clk 00:48:09]} {[%emt 00:01:42]} Rxc4 {[%clk 01:13:13]}
{[%emt 00:00:21]} 31. bxc4+ {[%clk 00:48:05]} {[%emt 00:00:34]} Ke5 {[%clk
01:11:56]} {[%emt 00:00:53]} 1-0

[Event "DVM U12 2024"]
[Site "Heidelberg GER"]
[Date "2024.12.27"]
[Round "1"]
[White "Jahn, Gustav"]
[Black "Sriram, Aumkar"]
[Result "1-0"]
[Termination "normal"]
[Board "10.1"]
[WhiteElo "1822"]
[BlackElo "1610"]
[WhiteClock "01:21:22"]
[BlackClock "00:57:56"]
[WhiteTeam "SV Dresden-Striesen"]
[BlackTeam "SV 1947 Walldorf"]
[PlyCount "53"]
[WhiteFideId "34666605"]
[BlackFideId "33460477"]
[EventCountry "GER"]
[EventRounds "7"]
[EventType "team-swiss"]
[EventDate "2024.12.26"]

1. e4 {[%clk 01:30:56]} {[%emt 00:00:02]} c5 {[%clk 01:30:52]} {[%emt
00:00:09]} 2. Nf3 {[%clk 01:31:16]} {[%emt 00:00:10]} Nc6 {[%clk 01:31:13]}
{[%emt 00:00:10]} 3. Bb5 {[%clk 01:31:37]} {[%emt 00:00:09]} e6 {[%clk
01:31:27]} {[%emt 00:00:16]} 4. Bxc6 {[%clk 01:31:57]} {[%emt 00:00:10]} bxc6
{[%clk 01:31:37]} {[%emt 00:00:20]} 5. d3 {[%clk 01:31:56]} {[%emt 00:00:30]}
Nf6 {[%clk 01:30:43]} {[%emt 00:01:24]} 6. Nbd2 {[%clk 01:30:22]} {[%emt
00:02:03]} Be7 {[%clk 01:30:17]} {[%emt 00:00:57]} 7. e5 {[%clk 01:28:44]}
{[%emt 00:02:08]} Nd5 {[%clk 01:30:15]} {[%emt 00:00:32]} 8. O-O {[%clk
01:28:35]} {[%emt 00:00:39]} g5 {[%clk 01:26:30]} {[%emt 00:04:15]} 9. Ne4
{[%clk 01:23:35]} {[%emt 00:05:30]} h6 {[%clk 01:22:48]} {[%emt 00:04:12]} 10.
c4 {[%clk 01:20:54]} {[%emt 00:03:11]} Nf4 {[%clk 01:21:03]} {[%emt 00:02:15]}
11. Bxf4 {[%clk 01:19:57]} {[%emt 00:01:27]} gxf4 {[%clk 01:21:10]} {[%emt
00:00:23]} 12. Qd2 {[%clk 01:19:56]} {[%emt 00:00:31]} Bg5 {[%clk 01:14:30]}
{[%emt 00:07:10]} 13. h4 {[%clk 01:16:42]} {[%emt 00:03:44]} Bxh4 {[%clk
01:06:01]} {[%emt 00:09:00]} 14. Nd6+ {[%clk 01:16:55]} {[%emt 00:00:17]} Kf8
{[%clk 01:00:27]} {[%emt 00:06:03]} 15. Qxf4 {[%clk 01:17:16]} {[%emt
00:00:10]} Qe7 {[%clk 01:00:16]} {[%emt 00:00:40]} 16. Nxh4 {[%clk 01:17:38]}
{[%emt 00:00:10]} Kg7 {[%clk 00:58:14]} {[%emt 00:02:30]} 17. Nhf5+ {[%clk
01:17:45]} {[%emt 00:00:23]} exf5 {[%clk 00:58:08]} {[%emt 00:00:37]} 18. Nxf5+
{[%clk 01:18:07]} {[%emt 00:00:09]} Kf8 {[%clk 00:58:00]} {[%emt 00:00:38]} 19.
Nxe7 {[%clk 01:18:26]} {[%emt 00:00:11]} Kxe7 {[%clk 00:57:59]} {[%emt
00:00:30]} 20. Qf6+ {[%clk 01:18:48]} {[%emt 00:00:09]} Ke8 {[%clk 00:57:31]}
{[%emt 00:00:56]} 21. Qxh8+ {[%clk 01:19:11]} {[%emt 00:00:09]} Ke7 {[%clk
00:57:46]} {[%emt 00:00:15]} 22. Qf6+ {[%clk 01:19:36]} {[%emt 00:00:05]} Ke8
{[%clk 00:57:56]} {[%emt 00:00:19]} 23. Rfe1 {[%clk 01:19:59]} {[%emt
00:00:07]} Bb7 {[%clk 00:57:22]} {[%emt 00:01:04]} 24. Re3 {[%clk 01:20:21]}
{[%emt 00:00:08]} h5 {[%clk 00:57:29]} {[%emt 00:00:22]} 25. Rg3 {[%clk
01:20:44]} {[%emt 00:00:07]} d5 {[%clk 00:57:35]} {[%emt 00:00:26]} 26. Rg8+
{[%clk 01:21:07]} {[%emt 00:00:07]} Kd7 {[%clk 00:57:56]} {[%emt 00:00:09]} 27.
Qd6# {[%clk 01:21:22]} {[%emt 00:00:13]} 1-0

[Event "DVM U12 2024"]
[Site "Heidelberg GER"]
[Date "2024.12.27"]
[Round "1"]
[White "Lieberknecht, Pascal"]
[Black "Thoms, Eric"]
[Result "0-1"]
[Termination "normal"]
[Board "10.2"]
[WhiteElo "1212"]
[BlackElo "1666"]
[WhiteClock "01:14:52"]
[BlackClock "01:00:46"]
[WhiteTeam "SV 1947 Walldorf"]
[BlackTeam "SV Dresden-Striesen"]
[PlyCount "58"]
[WhiteFideId "34667865"]
[BlackFideId "34623450"]
[EventCountry "GER"]
[EventRounds "7"]
[EventType "team-swiss"]
[EventDate "2024.12.26"]

1. e4 {[%clk 01:30:57]} {[%emt 00:00:03]} e5 {[%clk 01:30:49]} {[%emt
00:00:11]} 2. Nf3 {[%clk 01:30:29]} {[%emt 00:00:57]} Nc6 {[%clk 01:31:10]}
{[%emt 00:00:10]} 3. Bc4 {[%clk 01:30:52]} {[%emt 00:00:07]} Nf6 {[%clk
01:31:28]} {[%emt 00:00:12]} 4. O-O {[%clk 01:30:23]} {[%emt 00:00:59]} Nxe4
{[%clk 01:29:07]} {[%emt 00:02:51]} 5. d4 {[%clk 01:30:41]} {[%emt 00:00:13]}
d5 {[%clk 01:28:15]} {[%emt 00:01:21]} 6. Bb3 {[%clk 01:30:37]} {[%emt
00:00:35]} exd4 {[%clk 01:25:24]} {[%emt 00:03:21]} 7. Nxd4 {[%clk 01:30:55]}
{[%emt 00:00:12]} Be7 {[%clk 01:22:59]} {[%emt 00:02:54]} 8. Bf4 {[%clk
01:29:53]} {[%emt 00:01:32]} Nxd4 {[%clk 01:15:15]} {[%emt 00:08:15]} 9. Qxd4
{[%clk 01:29:46]} {[%emt 00:00:37]} Be6 {[%emt 00:02:39]} 10. Ba4+ {[%clk
01:28:04]} c6 {[%emt 00:01:56]} 11. Nc3 {[%clk 01:27:19]} Bf6 {[%clk 01:12:59]}
{[%emt 00:02:37]} 12. Be5 {[%clk 01:26:59]} {[%emt 00:00:50]} Nxc3 {[%clk
01:13:04]} {[%emt 00:00:25]} 13. bxc3 {[%clk 01:26:26]} {[%emt 00:01:03]} Bxe5
{[%clk 01:12:15]} {[%emt 00:01:19]} 14. Qxe5 {[%clk 01:26:49]} {[%emt
00:00:07]} O-O {[%clk 01:11:45]} {[%emt 00:01:00]} 15. Rad1 {[%clk 01:26:44]}
{[%emt 00:00:35]} Qa5 {[%clk 01:10:28]} {[%emt 00:01:46]} 16. Bb3 {[%clk
01:26:35]} {[%emt 00:00:40]} Qa6 {[%clk 01:08:45]} {[%emt 00:02:13]} 17. Rd4
{[%clk 01:25:41]} {[%emt 00:01:24]} Rfe8 {[%clk 01:08:43]} {[%emt 00:00:32]}
18. Qg3 {[%clk 01:25:21]} {[%emt 00:00:50]} c5 {[%clk 01:08:32]} {[%emt
00:00:40]} 19. Ra4 {[%clk 01:24:35]} {[%emt 00:01:16]} Qc6 {[%clk 01:08:45]}
{[%emt 00:00:13]} 20. c4 {[%clk 01:20:12]} {[%emt 00:04:58]} dxc4 {[%clk
01:09:04]} {[%emt 00:00:10]} 21. Rxc4 {[%clk 01:20:37]} {[%emt 00:00:05]} Bxc4
{[%clk 01:09:15]} {[%emt 00:00:20]} 22. Bxc4 {[%clk 01:21:05]} {[%emt
00:00:02]} Rad8 {[%clk 01:05:52]} {[%emt 00:03:53]} 23. Qb3 {[%clk 01:21:13]}
{[%emt 00:00:22]} Re7 {[%clk 01:05:47]} {[%emt 00:00:34]} 24. Bd3 {[%clk
01:20:38]} {[%emt 00:01:06]} h6 {[%clk 01:05:28]} {[%emt 00:00:49]} 25. Rd1
{[%clk 01:20:54]} {[%emt 00:00:14]} Rde8 {[%clk 01:05:43]} {[%emt 00:00:15]}
26. Qb1 {[%clk 01:19:40]} {[%emt 00:01:45]} a6 {[%clk 01:05:47]} {[%emt
00:00:26]} 27. c3 {[%clk 01:19:38]} {[%emt 00:00:32]} Qf6 {[%clk 01:04:02]}
{[%emt 00:02:14]} 28. c4 {[%clk 01:15:58]} {[%emt 00:00:41]} Qc3 {[%clk
01:02:41]} {[%emt 00:05:20]} 29. Kf1 {[%clk 01:14:52]} {[%emt 00:01:36]} Qe5
{[%clk 01:00:46]} {[%emt 00:02:24]} 0-1

[Event "DVM U12 2024"]
[Site "Heidelberg GER"]
[Date "2024.12.27"]
[Round "1"]
[White "Cetinalp, Poyraz"]
[Black "Katzschner, Tim"]
[Result "1-0"]
[Termination "normal"]
[Board "10.3"]
[WhiteElo "1512"]
[BlackElo "925"]
[WhiteClock "00:53:44"]
[BlackClock "01:25:49"]
[WhiteTeam "SV Dresden-Striesen"]
[BlackTeam "SV 1947 Walldorf"]
[PlyCount "91"]
[WhiteFideId "34671340"]
[EventCountry "GER"]
[EventRounds "7"]
[EventType "team-swiss"]
[EventDate "2024.12.26"]

1. e4 {[%clk 01:30:58]} {[%emt 00:00:01]} c6 {[%clk 01:30:50]} {[%emt
00:00:09]} 2. d4 {[%clk 01:31:25]} {[%emt 00:00:04]} d5 {[%clk 01:31:07]}
{[%emt 00:00:12]} 3. f3 {[%clk 01:31:36]} {[%emt 00:00:19]} e6 {[%clk
01:30:31]} {[%emt 00:01:05]} 4. c4 {[%clk 01:30:06]} {[%emt 00:02:02]} Nf6
{[%clk 01:30:20]} {[%emt 00:00:40]} 5. Bg5 {[%clk 01:29:59]} {[%emt 00:00:37]}
Be7 {[%clk 01:30:26]} {[%emt 00:00:21]} 6. e5 {[%clk 01:29:48]} {[%emt
00:00:43]} Nfd7 {[%clk 01:30:29]} {[%emt 00:00:27]} 7. Bxe7 {[%clk 01:29:44]}
{[%emt 00:00:35]} Qxe7 {[%clk 01:30:47]} {[%emt 00:00:11]} 8. Bd3 {[%clk
01:29:07]} {[%emt 00:01:03]} O-O {[%clk 01:30:42]} {[%emt 00:00:39]} 9. b3
{[%clk 01:27:45]} {[%emt 00:01:54]} c5 {[%clk 01:29:43]} {[%emt 00:01:27]} 10.
f4 {[%clk 01:14:20]} {[%emt 00:13:56]} Nc6 {[%clk 01:27:33]} {[%emt 00:02:38]}
11. dxc5 {[%clk 01:12:48]} {[%emt 00:02:04]} Nxc5 {[%clk 01:27:41]} {[%emt
00:00:22]} 12. Nf3 {[%clk 01:10:55]} {[%emt 00:02:24]} Nxd3+ {[%clk 01:27:57]}
{[%emt 00:00:13]} 13. Qxd3 {[%clk 01:10:44]} {[%emt 00:00:41]} Nb4 {[%clk
01:27:04]} {[%emt 00:01:24]} 14. Qc3 {[%clk 01:10:02]} {[%emt 00:01:11]} b6
{[%clk 01:26:45]} {[%emt 00:00:48]} 15. O-O {[%clk 01:08:47]} {[%emt 00:01:46]}
Ba6 {[%clk 01:26:39]} {[%emt 00:00:35]} 16. Nbd2 {[%clk 01:07:21]} {[%emt
00:01:57]} Rad8 {[%clk 01:25:52]} {[%emt 00:01:17]} 17. Nd4 {[%clk 01:03:15]}
{[%emt 00:04:37]} Qc5 {[%clk 01:25:37]} {[%emt 00:00:44]} 18. a3 {[%clk
00:59:34]} {[%emt 00:04:14]} dxc4 {[%clk 01:24:01]} {[%emt 00:02:03]} 19. axb4
{[%clk 00:48:32]} {[%emt 00:11:34]} Qxd4+ {[%clk 01:24:18]} {[%emt 00:00:13]}
20. Qxd4 {[%clk 00:48:14]} {[%emt 00:00:46]} Rxd4 {[%clk 01:24:36]} {[%emt
00:00:11]} 21. Rxa6 {[%clk 00:47:12]} {[%emt 00:01:35]} Rxd2 {[%clk 01:24:51]}
{[%emt 00:00:14]} 22. bxc4 {[%clk 00:47:31]} {[%emt 00:00:12]} Ra8 {[%clk
01:24:48]} {[%emt 00:00:29]} 23. Rfa1 {[%clk 00:46:55]} {[%emt 00:01:11]} Rd7
{[%clk 01:24:39]} {[%emt 00:00:36]} 24. Rxb6 {[%clk 00:46:43]} {[%emt
00:00:44]} Rd1+ {[%clk 01:24:25]} {[%emt 00:00:42]} 25. Rxd1 {[%clk 00:46:48]}
{[%emt 00:00:27]} axb6 {[%clk 01:24:37]} {[%emt 00:00:17]} 26. Rc1 {[%clk
00:47:10]} {[%emt 00:00:10]} f6 {[%clk 01:24:47]} {[%emt 00:00:17]} 27. exf6
{[%clk 00:47:32]} {[%emt 00:00:10]} gxf6 {[%clk 01:25:08]} {[%emt 00:00:09]}
28. c5 {[%clk 00:47:56]} {[%emt 00:00:06]} bxc5 {[%clk 01:24:37]} {[%emt
00:01:01]} 29. bxc5 {[%clk 00:48:21]} {[%emt 00:00:05]} Kf7 {[%clk 01:24:50]}
{[%emt 00:00:15]} 30. Kf2 {[%clk 00:48:49]} {[%emt 00:00:05]} Ke7 {[%clk
01:25:01]} {[%emt 00:00:16]} 31. g4 {[%clk 00:48:45]} {[%emt 00:00:37]} f5
{[%clk 01:23:26]} {[%emt 00:02:04]} 32. g5 {[%clk 00:49:06]} {[%emt 00:00:11]}
Kd7 {[%clk 01:23:32]} {[%emt 00:00:21]} 33. Ke3 {[%clk 00:49:08]} {[%emt
00:00:30]} Kc6 {[%clk 01:23:42]} {[%emt 00:00:18]} 34. Kd4 {[%clk 00:49:28]}
{[%emt 00:00:12]} Ra4+ {[%clk 01:23:43]} {[%emt 00:00:27]} 35. Rc4 {[%clk
00:48:53]} {[%emt 00:01:07]} Rxc4+ {[%clk 01:23:56]} {[%emt 00:00:17]} 36. Kxc4
{[%clk 00:49:20]} {[%emt 00:00:03]} Kc7 {[%clk 01:24:12]} {[%emt 00:00:11]} 37.
Kd4 {[%clk 00:49:45]} {[%emt 00:00:09]} Kd7 {[%clk 01:24:34]} {[%emt 00:00:07]}
38. Ke5 {[%clk 00:50:05]} {[%emt 00:00:11]} Ke7 {[%clk 01:23:55]} {[%emt
00:01:08]} 39. c6 {[%clk 00:50:31]} {[%emt 00:00:06]} Kd8 {[%clk 01:24:14]}
{[%emt 00:00:07]} 40. Kxe6 {[%clk 00:50:57]} {[%emt 00:00:06]} Kc7 {[%clk
01:24:29]} {[%emt 00:00:12]} 41. Kxf5 {[%clk 00:51:23]} {[%emt 00:00:07]} Kxc6
{[%clk 01:24:33]} {[%emt 00:00:26]} 42. Ke6 {[%clk 00:51:51]} {[%emt 00:00:03]}
Kc7 {[%clk 01:24:48]} {[%emt 00:00:09]} 43. Ke7 {[%clk 00:52:17]} {[%emt
00:00:09]} Kc6 {[%clk 01:25:11]} {[%emt 00:00:06]} 44. f5 {[%clk 00:52:47]}
{[%emt 00:00:03]} Kd5 {[%clk 01:25:30]} {[%emt 00:00:06]} 45. f6 {[%clk
00:53:15]} {[%emt 00:00:06]} Ke5 {[%clk 01:25:49]} {[%emt 00:00:05]} 46. f7
{[%clk 00:53:44]} {[%emt 00:00:07]} 1-0

[Event "DVM U12 2024"]
[Site "Heidelberg GER"]
[Date "2024.12.27"]
[Round "1"]
[White "Ünal, Malik Mehmet"]
[Black "Xu, Yan"]
[Result "0-1"]
[Board "10.4"]
[WhiteElo "831"]
[BlackElo "1268"]
[WhiteClock "01:08:31"]
[BlackClock "01:33:12"]
[WhiteTeam "SV 1947 Walldorf"]
[BlackTeam "SV Dresden-Striesen"]
[PlyCount "52"]
[WhiteFideId "533018715"]
[BlackFideId "34693424"]
[EventCountry "GER"]
[EventRounds "7"]
[EventType "team-swiss"]
[EventDate "2024.12.26"]

1. e4 {[%clk 01:30:54]} {[%emt 00:00:05]} e5 {[%clk 01:30:51]} {[%emt
00:00:10]} 2. Nf3 {[%clk 01:31:13]} {[%emt 00:00:11]} Nc6 {[%clk 01:31:01]}
{[%emt 00:00:20]} 3. Bc4 {[%clk 01:31:27]} {[%emt 00:00:13]} Nf6 {[%clk
01:31:22]} {[%emt 00:00:12]} 4. Nc3 {[%clk 01:31:34]} {[%emt 00:00:24]} Nxe4
{[%clk 01:31:20]} {[%emt 00:00:32]} 5. Nxe4 {[%clk 01:31:40]} {[%emt 00:00:24]}
d5 {[%clk 01:31:35]} {[%emt 00:00:15]} 6. Bxd5 {[%clk 01:30:37]} {[%emt
00:01:17]} Qxd5 {[%emt 00:00:25]} 7. Nc3 {[%clk 01:30:34]} {[%emt 00:00:25]}
Qd8 {[%clk 01:31:57]} {[%emt 00:00:37]} 8. O-O {[%clk 01:30:23]} {[%emt
00:00:18]} Bd6 {[%clk 01:32:22]} {[%emt 00:00:28]} 9. d3 {[%clk 01:30:12]}
{[%emt 00:00:41]} Bg4 {[%clk 01:32:24]} {[%emt 00:00:28]} 10. h3 {[%clk
01:29:13]} {[%emt 00:01:29]} Bd7 {[%clk 01:32:17]} {[%emt 00:00:37]} 11. Bg5
{[%clk 01:29:06]} {[%emt 00:00:35]} f6 {[%clk 01:32:23]} {[%emt 00:00:26]} 12.
Bd2 {[%clk 01:29:07]} {[%emt 00:00:29]} Qe7 {[%clk 01:32:01]} {[%emt 00:00:53]}
13. Nd5 {[%clk 01:28:56]} {[%emt 00:00:38]} Qf7 {[%clk 01:32:12]} {[%emt
00:00:21]} 14. Nc3 {[%clk 01:24:43]} {[%emt 00:04:33]} g5 {[%clk 01:32:00]}
{[%emt 00:00:52]} 15. Be3 {[%clk 01:24:26]} {[%emt 00:00:42]} g4 {[%clk
01:32:04]} {[%emt 00:00:32]} 16. Ne1 {[%clk 01:23:35]} {[%emt 00:01:21]} gxh3
{[%clk 01:31:02]} {[%emt 00:01:32]} 17. gxh3 {[%emt 00:00:12]} Bxh3 {[%emt
00:00:34]} 18. Ng2 {[%clk 01:22:02]} {[%emt 00:00:52]} Rg8 {[%clk 01:31:25]}
{[%emt 00:00:33]} 19. Re1 {[%clk 01:19:33]} {[%emt 00:02:46]} Bxg2 {[%clk
01:31:07]} {[%emt 00:01:00]} 20. Kh2 {[%clk 00:00:00]} {[%emt 00:00:57]} e4+
{[%clk 00:00:00]} 21. f4 {[%clk 00:00:00]} {[%emt 00:04:44]} exf3+ {[%clk
01:33:21]} {[%emt 00:02:17]} 22. Kg1 {[%clk 01:16:23]} {[%emt 00:01:15]} O-O-O
{[%clk 01:33:18]} {[%emt 00:00:45]} 23. Ne4 {[%clk 01:13:06]} {[%emt 00:02:39]}
Be5 {[%clk 01:33:16]} {[%emt 00:01:40]} 24. c3 {[%clk 01:12:50]} {[%emt
00:00:42]} Qh5 {[%clk 01:33:12]} {[%emt 00:00:38]} 25. Qd2 {[%emt 00:00:47]} f5
{[%emt 00:01:04]} 26. Nf2 {[%clk 01:08:31]} {[%emt 00:02:02]} Bh2# {[%clk
01:33:12]} 0-1